| 000 | 00535nam a22002057a 4500 | ||
|---|---|---|---|
| 003 | OSt | ||
| 005 | 20140310184501.0 | ||
| 008 | 121112t xxu||||| |||| 00| 0 eng d | ||
| 020 | _a0439692601 | ||
| 050 |
_aPZ 10.3 _b.M3549Dog 2007 |
||
| 245 |
_aIt's a dog's life / _cAnn M. Martin. |
||
| 260 |
_aNew York : _bScholastic Inc., _c2007. |
||
| 300 |
_a182 p. : _bill. col. ; _c21 cm. |
||
| 521 | _aG6 | ||
| 526 | _c870 | ||
| 650 |
_aDog _xJuvenile Fiction _928617 |
||
| 942 |
_cBK-SCHOLAS _2lcc |
||
| 999 |
_c34734 _d34734 |
||